000 00502nam a2200193Ia 4500
005 20240823033022.0
008 240823s9999||||xx |||||||||||||| ||und||
020 _a81-239-0842-3
041 _aENGLISH
082 _A510 P0
100 _aDorofeev G et al.
245 0 _aElementary Mathematics Selected Topics & Problem solving
250 _a1st
260 _c2000
_b"CBS Publishers & Distributors,New "
500 _aYES
650 _aMathematics
_bMathematics
942 _cBK
999 _c194814
_d194814